[Event "San Sebastian de los Reyes op 15th"]
[Site "San Sebastian"]
[Date "2013.12.06"]
[Round "7"]
[White "Cavalle Pulla, Daniel"]
[Black "Alvarez Gonzalez, Eduardo"]
[Result "1/2-1/2"]
[WhiteElo "1985"]
[BlackElo "1805"]
[PlyCount "84"]
[EventDate "2013.11.30"]
[EventType "swiss"]
[EventRounds "9"]
[EventCountry "ESP"]
[SourceTitle "CBM 157 Extra"]
[Source "ChessBase"]
[SourceDate "2013.12.19"]
[SourceVersion "1"]
[SourceVersionDate "2013.12.19"]
[SourceQuality "1"]

1. e4 c6 2. d4 d5 3. Nc3 dxe4 4. Nxe4 Bf5 5. Ng3 Bg6 6. Bc4 e6 7. N1e2 Nf6 8. 0-0 Bd6 9. Bf4 0-0 10. c3 Nd5 11. Bxd5 Bxf4 12. Bxc6 Bxg3 13. Bxb7 Bxh2+ 14. Kh1 Qh4 15. g4 Bc7+ 16. Kg2 Qxg4+ 17. Ng3 Qxd1 18. Rfxd1 Nd7 19. Bxa8 Rxa8 20. d5 exd5 21. Rxd5 Nf6 22. Rc5 Bb6 23. Rc6 Ne4 24. Rxg6 hxg6 25. Nxe4 Re8 26. Ng3 Rd8 27. Re1 Kf8 28. Re2 f5 29. c4 Rd4 30. b3 Kf7 31. Nf1 Kf6 32. Ne3 Re4 33. Nd5+ Ke5 34. f4+ Kd4 35. Rd2+ Kc5 36. Nxb6 axb6 37. Rd5+ Kc6 38. Kf3 Re1 39. Re5 Ra1 40. b4 Kd6 41. Rd5+ Kc7 42. Re5 Kd7 1/2-1/2

[Event "San Sebastian de los Reyes op 14th"]
[Site "San Sebastian"]
[Date "2012.12.07"]
[Round "7"]
[White "Cavalle Pulla, Daniel"]
[Black "Roa Alonso, Santiago"]
[Result "0-1"]
[WhiteElo "2016"]
[BlackElo "2412"]
[PlyCount "126"]
[EventDate "2012.12.01"]
[EventType "swiss"]
[EventRounds "9"]
[EventCountry "ESP"]
[SourceTitle "CBM 151 Extra"]
[Source "ChessBase"]
[SourceDate "2012.12.18"]
[SourceVersion "1"]
[SourceVersionDate "2012.12.18"]
[SourceQuality "1"]

1. e4 c5 2. Nc3 d6 3. Bb5+ Bd7 4. Bxd7+ Qxd7 5. f4 Nc6 6. Nf3 g6 7. d3 Bg7 8. 0-0 Nh6 9. Kh1 f5 10. Ng5 0-0-0 11. Ne2 d5 12. e5 d4 13. Rb1 Nb4 14. a3 Nd5 15. Rf3 Kb8 16. c4 dxc3 17. bxc3 Nb6 18. d4 c4 19. Qc2 e6 20. a4 Bf8 21. a5 Nd5 22. Qa2 Rc8 23. Ba3 Bxa3 24. Qxa3 Nf7 25. Nxf7 Qxf7 26. Rb5 Qd7 27. Rb2 h6 28. Nc1 g5 29. g3 Qc6 30. fxg5 hxg5 31. Kg1 g4 32. Rff2 f4 33. gxf4 g3 34. hxg3 Nxf4 35. Qd6+ Qxd6 36. exd6 Nh3+ 37. Kg2 Nxf2 38. Rxf2 Rcd8 39. Ne2 Rxd6 40. Nf4 Ra6 41. Ra2 Rg8 42. Ra4 b5 43. Rb4 Rxa5 44. Nxe6 a6 45. Nc5 Ra3 46. Ne4 Kc7 47. Rb1 Re8 48. Kf3 Rb3 49. Rc1 b4 50. Kf4 Rxe4+ 51. Kxe4 Rxc3 52. Rg1 b3 53. g4 b2 54. Rb1 Rc2 55. g5 c3 56. g6 Rg2 57. Kd3 c2 58. Rxb2 c1Q 59. Rxg2 Qf1+ 60. Re2 Qf5+ 61. Kc3 Qxg6 62. Re5 Kb6 63. Kc4 Qc2+ 0-1

[Event "San Sebastian de los Reyes op 13th"]
[Site "San Sebastian"]
[Date "2011.12.04"]
[Round "3"]
[White "Roa Alonso, Santiago"]
[Black "Cavalle Pulla, Daniel"]
[Result "1-0"]
[WhiteElo "2418"]
[BlackElo "1997"]
[PlyCount "75"]
[EventDate "2011.12.02"]
[EventType "swiss"]
[EventRounds "9"]
[EventCountry "ESP"]
[SourceTitle "CBM 145 Extra"]
[Source "ChessBase"]
[SourceDate "2012.01.03"]
[SourceVersion "1"]
[SourceVersionDate "2012.01.03"]
[SourceQuality "1"]

1. d4 Nf6 2. c4 c5 3. d5 b5 4. cxb5 a6 5. b6 d6 6. Nc3 Bb7 7. e4 Nbd7 8. Nf3 Qxb6 9. Be2 g6 10. 0-0 Bg7 11. Nd2 0-0 12. Nc4 Qc7 13. Bd2 Rfd8 14. Qa4 Ra7 15. a3 Nb6 16. Qa5 Nfd7 17. Na4 Na8 18. Rac1 Ne5 19. Qxc7 Nxc7 20. Nxe5 Bxe5 21. Ba5 Bc8 22. b4 Bd7 23. Bd1 Bxa4 24. Bxa4 Bb2 25. bxc5 Bxc1 26. Rxc1 dxc5 27. Rxc5 Rb8 28. f4 Nb5 29. e5 Nxa3 30. Bc6 Nb5 31. Rc4 Kf8 32. Kf2 Na3 33. Rc3 Nb5 34. Rb3 Rc8 35. Bb6 e6 36. Bxb5 Rc2+ 37. Kf3 Rb7 38. Bc6 1-0

[Event "Madrid Oliver Gonzalez Memorial 2nd"]
[Site "Madrid"]
[Date "2011.10.08"]
[Round "1"]
[White "Korneev, Oleg"]
[Black "Cavalle Pulla, Daniel"]
[Result "1-0"]
[WhiteElo "2580"]
[BlackElo "1987"]
[PlyCount "47"]
[EventDate "2011.10.08"]
[EventType "swiss"]
[EventRounds "9"]
[EventCountry "ESP"]
[SourceTitle "CBM 144 Extra"]
[Source "ChessBase"]
[SourceDate "2011.10.28"]
[SourceVersion "1"]
[SourceVersionDate "2011.10.28"]
[SourceQuality "1"]

1. e4 e6 2. d4 d5 3. Nd2 Nf6 4. e5 Nfd7 5. Bd3 c5 6. c3 Nc6 7. Ne2 cxd4 8. cxd4 Nb6 9. 0-0 Bd7 10. Nf3 Nb4 11. Bb1 Be7 12. a3 Nc6 13. Nf4 a5 14. Nh5 Kf8 15. Qd2 f6 16. Qf4 Qe8 17. Nxf6 gxf6 18. exf6 Qf7 19. fxe7+ Kxe7 20. Qh4+ Ke8 21. Ng5 Qf6 22. Qh5+ Ke7 23. Ne4 Qf7 24. Qh4+ 1-0

[Event "Parla op 25th"]
[Site "Parla"]
[Date "2010.09.10"]
[Round "7"]
[White "Cavalle Pulla, Daniel"]
[Black "Madurga Lopez, Ignacio"]
[Result "1-0"]
[WhiteElo "1862"]
[BlackElo "2024"]
[PlyCount "123"]
[EventDate "2010.09.04"]
[EventType "swiss"]
[EventRounds "9"]
[EventCountry "ESP"]
[SourceTitle "CBM 138 Extra"]
[Source "ChessBase"]
[SourceDate "2010.10.29"]
[SourceVersion "1"]
[SourceVersionDate "2010.10.29"]
[SourceQuality "1"]

1. e4 c5 2. Nc3 d6 3. Bb5+ Bd7 4. Bxd7+ Qxd7 5. f4 Nc6 6. Nf3 g6 7. 0-0 Bg7 8. d3 e6 9. Kh1 Nge7 10. Qe1 Nd4 11. Nxd4 cxd4 12. Ne2 Rc8 13. c4 dxc3 14. Nxc3 0-0 15. Be3 d5 16. Bxa7 d4 17. Ne2 Qa4 18. Bb6 Nc6 19. e5 Qb5 20. Bxd4 Nxd4 21. Nxd4 Qxb2 22. Qf2 Qxf2 23. Rxf2 Rfd8 24. Nb5 Rxd3 25. Rb1 Bf8 26. g3 b6 27. Rbb2 Rc1+ 28. Kg2 Bc5 29. Rfd2 Rg1+ 30. Kh3 Rd1 31. Rxd1 Rxd1 32. Nc3 Rd4 33. Re2 Rd3 34. Ne4 Re3 35. Nf6+ Kg7 36. Rd2 Be7 37. Ne8+ Kf8 38. Nd6 g5 39. Kg4 gxf4 40. gxf4 Rc3 41. h4 Rc1 42. Ne4 Rh1 43. Nf6 Kg7 44. Rg2 Bxf6 45. Kh5+ Bg5 46. Rxg5+ Kf8 47. Rg2 Rf1 48. Kg4 h5+ 49. Kg5 Kg7 50. Kxh5+ Kh7 51. Kg5 Rb1 52. Kf6 Rf1 53. Rg4 Kh6 54. Kxf7 Kh5 55. Rg5+ Kxh4 56. Kxe6 Rxf4 57. Rf5 Ra4 58. Kf6 Rxa2 59. e6 Kg4 60. e7 b5 61. e8Q Ra6+ 62. Ke5 1-0

[Event "Parla op 25th"]
[Site "Parla"]
[Date "2010.09.05"]
[Round "2"]
[White "Martinez Soler, Manuel"]
[Black "Cavalle Pulla, Daniel"]
[Result "0-1"]
[WhiteElo "1563"]
[BlackElo "1862"]
[PlyCount "86"]
[EventDate "2010.09.04"]
[EventType "swiss"]
[EventRounds "9"]
[EventCountry "ESP"]
[SourceTitle "CBM 138 Extra"]
[Source "ChessBase"]
[SourceDate "2010.10.29"]
[SourceVersion "1"]
[SourceVersionDate "2010.10.29"]
[SourceQuality "1"]

1. d4 Nf6 2. Nf3 c5 3. e3 g6 4. c4 Bg7 5. Nc3 cxd4 6. exd4 d5 7. c5 Nc6 8. Be2 0-0 9. 0-0 Bf5 10. Nh4 Be6 11. a3 Qc7 12. Be3 Rac8 13. Qd2 Rfd8 14. b4 a6 15. Na4 Ne4 16. Qc1 Nxd4 17. Ra2 Nxe2+ 18. Rxe2 Bd7 19. Nb6 Bb5 20. Rfe1 Bxe2 21. Nxc8 Qxc8 22. Rxe2 Qg4 23. Nf3 d4 24. h3 Qf5 25. Bd2 d3 26. Re1 Bd4 27. Nxd4 Qxf2+ 28. Kh2 Nxd2 29. Rd1 Rxd4 30. Rxd2 Qf4+ 31. Kh1 Rc4 32. Qe1 Re4 33. Qd1 Qe5 34. Rxd3 Re1+ 35. Qxe1 Qxe1+ 36. Kh2 Qe5+ 37. Kg1 Qf5 38. Rf3 Qb1+ 39. Kf2 e5 40. Re3 e4 41. g4 f5 42. Kg3 Qg1+ 43. Kf4 g5+ 0-1

[Event "ESP-ch U14"]
[Site "Linares"]
[Date "2010.07.15"]
[Round "4"]
[White "Alonso Macias, Maria"]
[Black "Cavalle Pulla, Daniel"]
[Result "0-1"]
[WhiteElo "1669"]
[BlackElo "1862"]
[PlyCount "110"]
[EventDate "2010.07.13"]
[EventType "swiss"]
[EventRounds "9"]
[EventCountry "ESP"]
[SourceTitle "CBM 137 Extra"]
[Source "ChessBase"]
[SourceDate "2010.09.01"]
[SourceVersion "1"]
[SourceVersionDate "2010.09.01"]
[SourceQuality "1"]

1. e4 e6 2. d4 d5 3. Nc3 Bb4 4. Bd2 dxe4 5. Nxe4 Bxd2+ 6. Qxd2 Nf6 7. Nc3 b6 8. f3 Bb7 9. Bc4 Nc6 10. Nge2 Qe7 11. 0-0-0 0-0-0 12. Rhe1 Kb8 13. Kb1 Na5 14. Qd3 Nxc4 15. Qxc4 Nd5 16. Nxd5 Bxd5 17. Qa4 Qd6 18. Nc3 Bc6 19. Qc4 Kb7 20. h3 Qg3 21. Rg1 Rd7 22. Rd2 Bxf3 23. Rd3 Qh2 24. Re1 Qxg2 25. Qb4 Rhd8 26. a3 Qf2 27. Ree3 Qg1+ 28. Ka2 Bd5+ 29. Nxd5 Rxd5 30. Rg3 Qf2 31. Rc3 Qf6 32. Rgf3 Qxd4 33. Qe7 R8d7 34. Qf8 f5 35. Qg8 Qf6 36. Qxh7 R5d6 37. Rg3 Rc6 38. Qh5 Rxc3 39. bxc3 e5 40. Qe2 Qe6+ 41. Kb1 Qd5 42. Rd3 Qh1+ 43. Ka2 Rxd3 44. Qxd3 Qe4 45. Qd2 f4 46. Qf2 Qd5+ 47. Kb1 Qh1+ 48. Ka2 Qxh3 49. Qe2 Qe3 50. Qg2+ f3 51. Qxg7 Qd4 52. Qg3 f2 53. Qg2+ e4 54. Qf1 a6 55. Kb1 Qe3 0-1

[Event "Madrid-ch U18 0910"]
[Site "Madrid"]
[Date "2010.01.03"]
[Round "7"]
[White "Negredo Bahamonde, Miguel Angel"]
[Black "Cavalle Pulla, Daniel"]
[Result "0-1"]
[WhiteElo "1763"]
[BlackElo "1812"]
[PlyCount "72"]
[EventDate "2009.12.26"]
[EventType "swiss"]
[EventRounds "7"]
[EventCountry "ESP"]
[SourceTitle "CBM 134 Extra"]
[Source "ChessBase"]
[SourceDate "2010.03.03"]
[SourceVersion "1"]
[SourceVersionDate "2010.03.03"]
[SourceQuality "1"]

1. e4 c5 2. Nf3 d6 3. d4 Nf6 4. Nc3 cxd4 5. Nxd4 g6 6. f4 Nc6 7. Nxc6 bxc6 8. e5 Bg4 9. Be2 Bxe2 10. Qxe2 dxe5 11. fxe5 Nd5 12. e6 f5 13. Bg5 Bg7 14. Rd1 Qa5 15. Qc4 Bxc3+ 16. bxc3 Qxc3+ 17. Qxc3 Nxc3 18. Rd7 0-0 19. Rxe7 Rfe8 20. Rxe8+ Rxe8 21. e7 Ne4 22. Be3 Rxe7 23. 0-0 Nc3 24. Bc5 Re2 25. Bxa7 Rxc2 26. a3 Nb5 27. Rd1 Nxa7 28. Rd8+ Kf7 29. Rd7+ Ke6 30. Rxa7 c5 31. Rxh7 c4 32. Rc7 Kd5 33. Kf1 Ra2 34. h3 Rxa3 35. Rd7+ Ke4 36. Rd2 c3 0-1

[Event "Madrid-ch U18 0910"]
[Site "Madrid"]
[Date "2010.01.02"]
[Round "6"]
[White "Cavalle Pulla, Daniel"]
[Black "Garcia Amodia, Daniel"]
[Result "1-0"]
[WhiteElo "1812"]
[BlackElo "2002"]
[PlyCount "103"]
[EventDate "2009.12.26"]
[EventType "swiss"]
[EventRounds "7"]
[EventCountry "ESP"]
[SourceTitle "CBM 134 Extra"]
[Source "ChessBase"]
[SourceDate "2010.03.03"]
[SourceVersion "1"]
[SourceVersionDate "2010.03.03"]
[SourceQuality "1"]

1. e4 e6 2. d4 d5 3. Nc3 Bb4 4. e5 c5 5. a3 Bxc3+ 6. bxc3 Ne7 7. h4 Nbc6 8. h5 h6 9. Nf3 Qc7 10. Rb1 Bd7 11. g3 b6 12. Bf4 cxd4 13. cxd4 Nf5 14. Qd2 Na5 15. Bd3 Nc4 16. Qc3 Rc8 17. Bxf5 Qb7 18. Bh3 Qa6 19. Qd3 Qxa3 20. 0-0 Qxd3 21. cxd3 Na3 22. Ra1 Nb5 23. Rfc1 0-0 24. Be3 a5 25. Bf1 Rc3 26. Rxc3 Nxc3 27. Bd2 Rc8 28. Rc1 Na2 29. Rb1 b5 30. Bxa5 b4 31. Rb2 Nc1 32. Bxb4 Bb5 33. Ne1 Ba4 34. Bc5 Nb3 35. Ra2 Be8 36. Rc2 Ba4 37. Ra2 Be8 38. Ra3 Nc1 39. Nf3 Rb8 40. Rc3 Rb1 41. Kg2 Bb5 42. Nd2 Rb2 43. Rxc1 Rxd2 44. Rb1 Ba4 45. Rb8+ Kh7 46. Rf8 Bd1 47. Rxf7 Bxh5 48. Re7 Bg4 49. Rb7 h5 50. Bf8 Kg6 51. Rxg7+ Kf5 52. Be7 1-0

[Event "Madrid-ch U18 0910"]
[Site "Madrid"]
[Date "2009.12.30"]
[Round "5"]
[White "Martin Duque, Jesus"]
[Black "Cavalle Pulla, Daniel"]
[Result "1-0"]
[WhiteElo "2020"]
[BlackElo "1812"]
[PlyCount "67"]
[EventDate "2009.12.26"]
[EventType "swiss"]
[EventRounds "7"]
[EventCountry "ESP"]
[SourceTitle "CBM 134 Extra"]
[Source "ChessBase"]
[SourceDate "2010.03.03"]
[SourceVersion "1"]
[SourceVersionDate "2010.03.03"]
[SourceQuality "1"]

1. e4 e6 2. d4 d5 3. e5 c5 4. c3 Nc6 5. Nf3 Bd7 6. Be2 Nge7 7. Na3 cxd4 8. cxd4 Nf5 9. Nc2 Qb6 10. 0-0 Be7 11. a3 a5 12. a4 0-0 13. Bb5 Rfd8 14. g4 Nh4 15. Nxh4 Bxh4 16. Bxc6 Bxc6 17. g5 h6 18. gxh6 g6 19. Ra3 Be7 20. h7+ Kh8 21. Rf3 Bxa4 22. Rxf7 Re8 23. Qd2 Bxc2 24. Qxc2 Qxd4 25. Qxg6 Qxe5 26. Bh6 Bf6 27. Rxf6 Re7 28. Kh1 Qe4+ 29. Qxe4 dxe4 30. Re1 Kxh7 31. Rxe4 Ra6 32. Bf8 Rd7 33. Rh4+ Kg8 34. Rg4+ 1-0

[Event "Galapagar op 10th"]
[Site "Galapagar"]
[Date "2009.07.23"]
[Round "6"]
[White "Cavalle Pulla, Daniel"]
[Black "Perez Marco, Ricardo"]
[Result "0-1"]
[WhiteElo "1785"]
[BlackElo "2183"]
[PlyCount "98"]
[EventDate "2009.07.18"]
[EventType "swiss"]
[EventRounds "9"]
[EventCountry "ESP"]
[SourceTitle "EXT 2010"]
[Source "ChessBase"]
[SourceDate "2010.11.25"]
[SourceVersion "1"]
[SourceVersionDate "2010.11.25"]
[SourceQuality "1"]

1. e4 c5 2. Nf3 a6 3. d4 cxd4 4. Nxd4 Nf6 5. Nc3 d6 6. Be2 e6 7. 0-0 Be7 8. Kh1 0-0 9. f4 Qc7 10. Be3 Nc6 11. Qe1 Nxd4 12. Bxd4 e5 13. fxe5 dxe5 14. Qg3 Nd7 15. Nd5 Qd6 16. Be3 Bd8 17. c3 Qg6 18. Qxg6 hxg6 19. Bg4 Nf6 20. Nxf6+ Bxf6 21. Bxc8 Raxc8 22. Rad1 Rfd8 23. Bb6 Rxd1 24. Rxd1 Rc4 25. Re1 Bg5 26. g3 Rc6 27. Be3 Bxe3 28. Rxe3 Rd6 29. Re2 f6 30. Kg2 Kf7 31. g4 Ke6 32. Kf2 Rd1 33. Kg2 f5 34. gxf5+ gxf5 35. exf5+ Kxf5 36. Kg3 Rd3+ 37. Kf2 Kf4 38. c4 e4 39. Rc2 Rh3 40. Kg2 Rh5 41. Kf1 e3 42. Rg2 g5 43. Ke2 Rh7 44. b4 Rd7 45. Ke1 Rd4 46. h3 Kf5 47. Rg3 Rxc4 48. Rxe3 Rxb4 49. Re2 Re4 0-1

[Event "Parla 25 Jubilee op"]
[Site "Parla"]
[Date "2008.09.13"]
[Round "8"]
[White "Lopez Heras, Arturo"]
[Black "Cavalle Pulla, Daniel"]
[Result "1-0"]
[WhiteElo "1997"]
[BlackElo "1737"]
[PlyCount "25"]
[EventDate "2008.09.06"]
[EventType "swiss"]
[EventRounds "9"]
[EventCountry "ESP"]
[SourceTitle "CBM 126 Extra"]
[Source "ChessBase"]
[SourceDate "2008.11.05"]
[SourceVersion "1"]
[SourceVersionDate "2008.11.05"]
[SourceQuality "1"]

1. e4 c5 2. Nf3 d6 3. Nc3 Nf6 4. Bc4 Nc6 5. d3 g6 6. Bg5 Bg7 7. h3 a6 8. a4 0-0 9. Qd2 Bd7 10. Bh6 Na5 11. Bxg7 Nxc4 12. Qh6 Nxb2 13. Ng5 1-0

[Event "Parla 25 Jubilee op"]
[Site "Parla"]
[Date "2008.09.11"]
[Round "6"]
[White "Tolosana Esteban, Enrique"]
[Black "Cavalle Pulla, Daniel"]
[Result "0-1"]
[WhiteElo "1954"]
[BlackElo "1737"]
[PlyCount "90"]
[EventDate "2008.09.06"]
[EventType "swiss"]
[EventRounds "9"]
[EventCountry "ESP"]
[SourceTitle "CBM 126 Extra"]
[Source "ChessBase"]
[SourceDate "2008.11.05"]
[SourceVersion "1"]
[SourceVersionDate "2008.11.05"]
[SourceQuality "1"]

1. e4 c5 2. Nf3 d6 3. d4 Nf6 4. Nc3 cxd4 5. Nxd4 g6 6. Be2 Bg7 7. Be3 Nc6 8. Qd2 Bd7 9. 0-0-0 0-0 10. f3 Rb8 11. Nb3 a6 12. Bh6 b5 13. h4 Na5 14. Bxg7 Kxg7 15. h5 Nc4 16. Qd4 e5 17. Qf2 Nxh5 18. Nd5 Be6 19. g4 Qg5+ 20. Kb1 Nf4 21. Nc7 Nxe2 22. Qxe2 a5 23. Rh2 Rb7 24. Nd5 a4 25. Nc1 Bxd5 26. Rxd5 Rc8 27. Qd3 Qf4 28. Re2 b4 29. b3 Na3+ 30. Kb2 Rbc7 31. Rxd6 Rxc2+ 32. Rxc2 Rxc2+ 33. Qxc2 Nxc2 34. Kxc2 axb3+ 35. axb3 Qxf3 36. Nd3 Qxe4 37. Kd2 Qxg4 38. Rb6 Qg2+ 39. Ke3 Qg1+ 40. Nf2 h5 41. Ke2 Qc1 42. Rxb4 Qc2+ 43. Kf1 Qc3 44. Rb7 e4 45. b4 Qf3 0-1